000 00514nam a2200205Ia 4500
005 20250508160709.0
008 008 250505s9999 xx 000 0 eng d
020 _a1-85070-170-9
037 _aReference
040 _aFEDL
_beng
_cFEDL
041 _aeng
_2eng
084 _a371.2, MOH
_qFEDL
100 _aSultan Mohiyuddin
245 0 _aSchool organization and management
250 _a2
260 _c1943
300 _axxv,446p
942 _cREF
_h371.2, MOH
999 _c1366090
_d1366090